000 00914nam a2200229Ia 4500
001 16691
003 GE_BSU
008 181216s||||||||xx |||||||||||||| ||und||
040 _cGE_BSU
080 _a82-93:821.161.1-32
100 _aკოსტიუკოვსკი, ბორის
245 _aმოგზაურობა მზისკენ
245 _bმოთხრობა საშ. ასაკის ბავშვთათვის
245 _cთარგმნა ე. მახათელაშვილმა. რედ.ც.ნიკოლაიშვილი. მხ.ი.არხანგელსკაია
260 _aთბილისი
260 _bნაკადული
260 _c1967
300 _a170გვ. : ილ. ; 21სმ
653 _aმოგზაურობა მზისკენ
653 _aმოთხრობა
942 _cBK
999 _c49756
_d49756